000 00596nam a2200181 4500
001 127735
003 ES-MaACL
005 20230906193056.0
007 t|
008 070214s1972 sp r ||||1| spa d
100 1 _aRingrose, David R.
_9186708
245 1 4 _aLos transportes y el estancamiento económico de España
_b: (1750-1850) /
_cDavid R. Ringrose ; traducción de Víctor Morales Lezcano.
260 _aMadrid :
_bTecnos,
_c1972.
300 _a222 p. ;
_c23 cm +
_e8 map.
700 1 _aMorales Lezcano, Víctor.
_983046
852 _aES-MaACL
_jC-46124
_bR.83559
999 _c127735
_d127735